Strategický manažment a marketing prípadové štúdie a príklady
Gespeichert in:
| Hauptverfasser: | , |
|---|---|
| Format: | Buch |
| Sprache: | Slowakisch |
| Veröffentlicht: |
Bratislava
Slovenská technická univerzita
1996
|
| Schriftenreihe: | Edícia skrípt / Slovenská technická univerzita
|
| Schlagworte: | |
| Online-Zugang: | Im OPAC anzeigen |
| Tags: |
Keine Tags, Fügen Sie das erste Tag hinzu!
|
MARC
| LEADER | 00000nam a2200000 a 4500 | ||
|---|---|---|---|
| 005 | 20260127134106.0 | ||
| 008 | 180619s1996 xo ap r yy 0 slo | ||
| 015 | |a SNBA1997/0100104 | ||
| 020 | |a 8022708755 |c 18,00 Sk (100 výt.) | ||
| 035 | |a vtls001221201 | ||
| 035 | |a SNK000166331 | ||
| 035 | |a urn:nbn:sk:snk-amlkwx | ||
| 035 | |a urn:nbn:sk:snk-am00cbbx | ||
| 035 | |a 9762BAF4-096F-41E5-94E7-56B40E3A9F1A | ||
| 039 | 9 | |a 202003181751 |b AUTHORITY |c 201806191629 |d VLOAD |c 201710301307 |d VLOAD |c 201606061513 |d VLOAD |y 200412261242 |z VLOAD | |
| 040 | |a SNK |b slo |c SNK |d STUSCHK1 |e AACR2 | ||
| 041 | 0 | |a slo | |
| 044 | |a xo |c SK | ||
| 080 | |a 658.8(075.8)(076.5) |2 1981 | ||
| 100 | 1 | |a Špirková, Daniela, |d 1961- |9 137 | |
| 245 | 1 | |a Strategický manažment a marketing |b prípadové štúdie a príklady |c Daniela Špirková, Igor Trávnik | |
| 260 | |a Bratislava |b Slovenská technická univerzita |c 1996 | ||
| 300 | |a 127 s. |b Grafy, sch., tab. |c 29 cm | ||
| 490 | 1 | |a Edícia skrípt / Slovenská technická univerzita | |
| 504 | |a Bibliogr. s. 127 | ||
| 650 | 0 | 7 | |a manažment |x štúdie prípadové |x príklady |x učebnice vysokoškolské |2 SNK |
| 650 | 0 | 7 | |a marketing |x štúdie prípadové |x príklady |x učebnice vysokoškolské |2 SNK |
| 655 | 7 | |a učebnice vysokých škôl |2 SNKPH | |
| 700 | 1 | |a Trávnik, Igor, |d 1942- |4 aut |9 701 | |
| 760 | 1 | |t Edícia skrípt |a Slovenská technická univerzita. Stavebná fakulta (Bratislava, Slovensko) | |
| 911 | |a KN 1997/01 |b 00104 | ||
| 919 | |a 80-227-0875-5 | ||
| 958 | 0 | 7 | |a RM |
| 958 | 0 | 7 | |a NB |
| 958 | 0 | 7 | |a UV |
| 999 | |c 3896 |d 3896 | ||